[Event "URU-chTB"]
[Site "Uruguay"]
[Date "2017.07.08"]
[Round "3.4"]
[White "Bril, Luis"]
[Black "Santos, Emiliano"]
[Result "1/2-1/2"]
[WhiteElo "1662"]
[BlackElo "1833"]
[PlyCount "86"]
[EventDate "2017.07.07"]
[EventType "team-swiss"]
[EventRounds "5"]
[EventCountry "URU"]
[SourceTitle "EXT 2018"]
[Source "ChessBase"]
[SourceDate "2017.10.13"]
[SourceVersion "1"]
[SourceVersionDate "2017.10.13"]
[SourceQuality "1"]
[WhiteTeam "Solis de Pando"]
[BlackTeam "Piratas Tablero II"]
[WhiteTeamCountry "URU"]
[BlackTeamCountry "URU"]

1. e4 e5 2. Nf3 d6 3. h3 Be7 4. Bc4 Nf6 5. d3 Nbd7 6. c3 c6 7. Qe2 Qc7 8. 0-0 0-0 9. Nbd2 b6 10. Rd1 Bb7 11. Bb3 Rad8 12. Nf1 Nc5 13. Bc2 Rfe8 14. Ng3 d5 15. Bg5 Ne6 16. Nf5 Nxg5 17. Nxg5 Bf8 18. Ng3 h6 19. Nf3 Bc8 20. Rac1 dxe4 21. dxe4 Nh7 22. Bb3 Be6 23. Bxe6 Rxe6 24. Rxd8 Qxd8 25. Rd1 Rd6 26. Rxd6 Qxd6 27. Nf5 Qe6 28. b3 g6 29. Ng3 Qe7 30. Qd2 Bg7 31. c4 Nf8 32. Ne2 Ne6 33. g3 c5 34. Nc3 Nd4 35. Qd3 Qf6 36. Kg2 Nxf3 37. Qxf3 Qxf3+ 38. Kxf3 f5 39. Nb5 a5 40. Nc7 Bf6 41. a4 Kf7 42. h4 Bd8 43. Nd5 Ke6 1/2-1/2

[Event "URU-chTB"]
[Site "Uruguay"]
[Date "2017.07.08"]
[Round "4.4"]
[White "Fernandez Suarez, Marcos"]
[Black "Bril, Luis"]
[Result "1/2-1/2"]
[WhiteElo "1641"]
[BlackElo "1662"]
[PlyCount "131"]
[EventDate "2017.07.07"]
[EventType "team-swiss"]
[EventRounds "5"]
[EventCountry "URU"]
[SourceTitle "EXT 2018"]
[Source "ChessBase"]
[SourceDate "2017.10.13"]
[SourceVersion "1"]
[SourceVersionDate "2017.10.13"]
[SourceQuality "1"]
[WhiteTeam "LP Zwischenzug"]
[BlackTeam "Solis de Pando"]
[WhiteTeamCountry "URU"]
[BlackTeamCountry "URU"]

1. c4 c6 2. Nc3 Nf6 3. e4 d6 4. g3 Nbd7 5. Bg2 Qc7 6. Nge2 g6 7. 0-0 Bg7 8. d3 0-0 9. h3 a6 10. Be3 b5 11. Qd2 Rb8 12. Rac1 bxc4 13. dxc4 Rd8 14. f4 e6 15. Rfd1 Nb6 16. b3 Bb7 17. Qe1 Ba8 18. Qf2 Nfd7 19. g4 Nc8 20. Ng3 Ne7 21. f5 Be5 22. Bf4 Bxf4 23. Qxf4 e5 24. Qh6 Kh8 25. Rf1 Ng8 26. Qh4 Rf8 27. g5 Nc5 28. Rcd1 Rbd8 29. f6 Bb7 30. Bf3 Ne6 31. Nge2 Qb6+ 32. Kg2 Qe3 33. Qg4 Qxg5 34. Qxg5 Nxg5 35. h4 Nxf3 36. Rxf3 h5 37. b4 Rfe8 38. Na4 c5 39. bxc5 Bxe4 40. cxd6 Nxf6 41. c5 Bc6 42. Nb6 Nd7 43. Nxd7 Rxd7 44. Kf2 Bxf3 45. Kxf3 Rc8 46. Rd5 f6 47. Nc3 Kg7 48. Na4 Rc6 49. Nb6 Rd8 50. Nc4 Kf7 51. Na5 Rcc8 52. d7 Rxc5 53. Rxc5 Rxd7 54. Nc4 Rd3+ 55. Kg2 Rd4 56. Kg3 Rg4+ 57. Kh3 Ke6 58. Ne3 Ra4 59. Rc6+ Kf7 60. Nd5 Ra3+ 61. Nc3 e4 62. Kg3 f5 63. Kf4 a5 64. Rc7+ Ke6 65. Rc6+ Kf7 66. Rc7+ 1/2-1/2

[Event "URU-chT Clubs"]
[Site "Punta del Este"]
[Date "2014.08.24"]
[Round "3.54"]
[White "Bril, Luis"]
[Black "Almandoz, Carlos"]
[Result "0-1"]
[WhiteElo "1789"]
[BlackElo "1766"]
[PlyCount "26"]
[EventDate "2014.08.23"]
[EventType "team-swiss"]
[EventRounds "5"]
[EventCountry "URU"]
[SourceTitle "EXT 2017"]
[Source "ChessBase"]
[SourceDate "2016.10.25"]
[SourceVersion "1"]
[SourceVersionDate "2016.10.25"]
[SourceQuality "1"]

1. e4 c5 2. Nc3 Nc6 3. Nge2 g6 4. g3 Bg7 5. Bg2 Nf6 6. d3 0-0 7. 0-0 d6 8. h3 Bd7 9. Bg5 Rc8 10. Qd2 Qa5 11. Rfe1 Rfe8 12. Rab1 Nd4 13. a3 Bxh3 0-1

[Event "URU-chTA"]
[Site "Punta del Este"]
[Date "2013.08.18"]
[Round "5.53"]
[White "Bril, Luis"]
[Black "Prado, Rommel"]
[Result "1/2-1/2"]
[WhiteElo "1878"]
[BlackElo "2161"]
[PlyCount "83"]
[EventDate "2013.08.16"]
[EventType "team-swiss"]
[EventRounds "5"]
[EventCountry "URU"]
[SourceTitle "EXT 2018"]
[Source "ChessBase"]
[SourceDate "2017.10.13"]
[SourceVersion "1"]
[SourceVersionDate "2017.10.13"]
[SourceQuality "1"]

1. e4 d6 2. d4 Nf6 3. Nc3 g6 4. Nf3 Bg7 5. Bc4 0-0 6. 0-0 Nc6 7. h3 Nxe4 8. Ne2 e5 9. dxe5 Nxe5 10. Nxe5 dxe5 11. c3 Qe7 12. Be3 Be6 13. Bxe6 Qxe6 14. Re1 Rad8 15. Qa4 a6 16. Qxe4 b6 17. a3 f5 18. Qc2 f4 19. Bc1 f3 20. Ng3 fxg2 21. Kxg2 Qd5+ 22. Qe4 Qb5 23. a4 Qb3 24. Ra3 Qf7 25. Re2 Rd1 26. Be3 Rfd8 27. Bg5 Re8 28. c4 Rd4 29. Qf3 Qxc4 30. Ne4 Rf8 31. Qb3 Rf5 32. Qxc4+ Rxc4 33. Bd2 Rf7 34. b4 Rd7 35. Rf3 Rxe4 36. Rxe4 Rxd2 37. Rc4 Bf8 38. Rxc7 Bxb4 39. Rff7 Bc5 40. a5 bxa5 41. Rg7+ Kf8 42. Rgf7+ 1/2-1/2